[Event "10. Oeffinger Schachopen"]
[Site "Fellbach-Oeffingen"]
[Date "2019.06.09"]
[Round "4.1"]
[White "Gustain, Marc"]
[Black "Ivanov, Mikail"]
[Result "0-1"]
[WhiteElo "2167"]
[BlackElo "2372"]
[PlyCount "78"]
[EventDate "2019.??.??"]
[WhiteTeam "SF Deizisau"]
[BlackTeam "SF Bad Mergentheim"]

1. e4 c6 2. d4 d5 3. exd5 cxd5 4. Bd3 Nc6 5. c3 Qc7 6. h3 Nf6 7. Nf3 g6 8. O-O
Bf5 9. Bxf5 gxf5 10. Re1 e6 11. Ne5 Nxe5 12. dxe5 Ne4 13. Be3 Bc5 14. Bxc5 Qxc5
15. Qe2 Rg8 16. Nd2 O-O-O 17. Rad1 Rg6 18. Nxe4 fxe4 19. Qe3 Qxe3 20. fxe3 Rdg8
21. Re2 Rg5 22. Rf1 R8g7 23. Ref2 Kd8 24. h4 Rg3 25. Re2 Ke7 26. Rf4 R7g4 27.
Kh2 Rxf4 28. exf4 Rg4 29. g3 h5 30. Kg2 Rg8 31. Rd2 f6 32. exf6+ Kxf6 33. Rd4
b5 34. Rb4 a6 35. Rd4 Kf5 36. Rd1 Rc8 37. Kf2 b4 38. Rc1 bxc3 39. bxc3 Rc4 0-1

[Event "10. Oeffinger Schachopen"]
[Site "Fellbach-Oeffingen"]
[Date "2019.06.09"]
[Round "4.2"]
[White "Neyman, Igor"]
[Black "Hüttig, Michael"]
[Result "1-0"]
[WhiteElo "2331"]
[BlackElo "2114"]
[PlyCount "51"]
[EventDate "2019.??.??"]
[WhiteTeam "Stuttgarter SF"]
[BlackTeam "SC Erdmannhausen"]

1. d4 Nf6 2. c4 c5 3. d5 d6 4. Nc3 g6 5. e4 Bg7 6. Bd3 O-O 7. h3 e6 8. Nf3 exd5
9. cxd5 b5 10. Nxb5 Ba6 11. O-O Nxe4 12. Re1 f5 13. a4 Qa5 14. Ra3 Nd7 15. Bxe4
fxe4 16. Ng5 Be5 17. Ne6 Qb4 18. Nec7 Bb7 19. Nxa8 Bxa8 20. b3 c4 21. bxc4 Qxc4
22. Bh6 Rf5 23. Qe2 Qxd5 24. Rd1 Qc6 25. Rc1 Qb6 26. Rc8+ 1-0

[Event "10. Oeffinger Schachopen"]
[Site "Fellbach-Oeffingen"]
[Date "2019.06.09"]
[Round "4.3"]
[White "Gabriel, Josef"]
[Black "Schnepp, Gunnar"]
[Result "0-1"]
[WhiteElo "2062"]
[BlackElo "2297"]
[PlyCount "80"]
[EventDate "2019.??.??"]
[WhiteTeam "Stuttgarter SF"]
[BlackTeam "SK Lauffen"]

1. e4 c5 2. Nc3 Nc6 3. g3 g6 4. Bg2 Bg7 5. Nge2 e6 6. f4 Nge7 7. Nb5 d6 8. c3
a6 9. Na3 d5 10. e5 f6 11. exf6 Bxf6 12. O-O O-O 13. Kh1 Nf5 14. Nc2 d4 15. d3
Qd7 16. Be4 b5 17. g4 Nd6 18. cxd4 Nxe4 19. dxe4 Nxd4 20. Ncxd4 cxd4 21. Qd3
Bb7 22. Kg1 a5 23. g5 Bg7 24. Ng3 b4 25. Qb3 Rac8 26. Bd2 d3 27. Rf3 Rfd8 28.
Rd1 Bc6 29. Rc1 Ba4 30. Rxc8 Bxb3 31. Rxd8+ Qxd8 32. axb3 Bxb2 33. Kg2 Bc3 34.
Nf1 Qd4 35. Rf2 Bxd2 36. Rxd2 a4 37. bxa4 b3 38. Rd1 b2 39. Rb1 d2 40. Nxd2
Qxd2+ 0-1

[Event "10. Oeffinger Schachopen"]
[Site "Fellbach-Oeffingen"]
[Date "2019.06.09"]
[Round "4.4"]
[White "Holzhäuer, Mathias"]
[Black "Stein, Carsten"]
[Result "1-0"]
[WhiteElo "2265"]
[BlackElo "1996"]
[PlyCount "53"]
[EventDate "2019.??.??"]
[WhiteTeam "SK Schmiden/Cannstatt"]
[BlackTeam "SK Wernau"]

1. e4 c5 2. Nc3 Nc6 3. f4 g6 4. Nf3 Bg7 5. Bb5 Nd4 6. O-O a6 7. Bc4 e6 8. d3 b5
9. Bb3 Ne7 10. Nxd4 cxd4 11. Ne2 O-O 12. Bd2 Bb7 13. Qe1 Rc8 14. Ba5 Qe8 15.
Bb6 Nc6 16. Bc5 Na5 17. Bxf8 Nxb3 18. cxb3 Qxf8 19. Rc1 d6 20. Qb4 Rc5 21. Qa5
f5 22. Qb6 Qe7 23. e5 Rxc1 24. Rxc1 dxe5 25. Rc7 Qb4 26. Qxe6+ Kh8 27. Qe8+ 1-0

[Event "10. Oeffinger Schachopen"]
[Site "Fellbach-Oeffingen"]
[Date "2019.06.09"]
[Round "4.5"]
[White "Scholl, Martin"]
[Black "Danada, Tomas"]
[Result "1/2-1/2"]
[WhiteElo "2030"]
[BlackElo "2263"]
[PlyCount "173"]
[EventDate "2019.??.??"]
[WhiteTeam "TSV/RSK Esslingen"]
[BlackTeam "SC Grunbach"]

1. c4 e5 2. Nc3 Bb4 3. Nd5 a5 4. a3 Bd6 5. d3 c6 6. Nc3 Nf6 7. Nf3 O-O 8. Bg5
h6 9. Bh4 Re8 10. Bxf6 Qxf6 11. g3 Bf8 12. Bg2 Na6 13. O-O Nc7 14. Ne1 Ne6 15.
e3 d6 16. Nc2 Ng5 17. Ne4 Nxe4 18. Bxe4 Bh3 19. Bg2 Qe6 20. Bxh3 Qxh3 21. Qf3
f5 22. Qg2 Qh5 23. f3 d5 24. b3 Rad8 25. Rfd1 Qf7 26. Qe2 h5 27. Kg2 Re6 28.
cxd5 cxd5 29. Qd2 Rc8 30. Ne1 h4 31. Rac1 Ra8 32. Qb2 Qh5 33. Nc2 e4 34. dxe4
dxe4 35. Nd4 exf3+ 36. Nxf3 Rxe3 37. Ng1 Rae8 38. Qd4 hxg3 39. hxg3 Qg5 40. Qf4
Qxf4 41. gxf4 Rxb3 42. Rd7 b5 43. a4 bxa4 44. Rd5 g6 45. Rxa5 a3 46. Ra6 Kf7
47. Nf3 Re2+ 48. Kf1 Rxf3+ 49. Kxe2 Rxf4 50. Rc7+ Be7 51. Rxa3 Re4+ 52. Kf3 Re6
53. Ra4 Kf6 54. Rb7 g5 55. Rb5 Bd6 56. Raa5 Be5 57. Ra8 g4+ 58. Kg2 Bd6 59. Ra6
Re2+ 60. Kf1 Rd2 61. Rbb6 Ke5 62. Rb5+ Ke6 63. Rbb6 Rd5 64. Ke2 Ke5 65. Ra8 f4
66. Re8+ Kd4 67. Rxd6 Rxd6 68. Rg8 Ke4 69. Rxg4 Ra6 70. Rg8 Ra2+ 71. Kf1 Kf3
72. Kg1 Ra1+ 73. Kh2 Rf1 74. Rg7 Ke2 75. Re7+ Kf2 76. Ra7 Re1 77. Ra4 f3 78.
Ra3 Re2 79. Ra1 Rd2 80. Kh3 Ke3 81. Kg3 Rg2+ 82. Kh3 Kf2 83. Ra2+ Kf1 84. Ra1+
Kf2 85. Ra2+ Ke3 86. Rxg2 fxg2 87. Kxg2 1/2-1/2

[Event "10. Oeffinger Schachopen"]
[Site "Fellbach-Oeffingen"]
[Date "2019.06.09"]
[Round "4.6"]
[White "Degenhardt, Horst"]
[Black "Koch, Martin"]
[Result "1/2-1/2"]
[WhiteElo "2232"]
[BlackElo "2030"]
[PlyCount "21"]
[EventDate "2019.??.??"]
[WhiteTeam "SC Lorsch"]
[BlackTeam "SC Botnang"]

1. d4 d5 2. Nc3 Nf6 3. Bf4 e6 4. e3 Bd6 5. Nf3 O-O 6. Bd3 c5 7. dxc5 Bxc5 8.
O-O Nc6 9. Nb5 a6 10. Nbd4 Bd6 11. Nxc6 1/2-1/2

[Event "10. Oeffinger Schachopen"]
[Site "Fellbach-Oeffingen"]
[Date "2019.06.09"]
[Round "4.7"]
[White "Syed, Tareq"]
[Black "Gheng, Josef"]
[Result "0-1"]
[WhiteElo "2001"]
[BlackElo "2199"]
[PlyCount "76"]
[EventDate "2019.??.??"]
[WhiteTeam "SC Brett vorm Kopp"]
[BlackTeam "SK Wernau"]

1. d3 d5 2. g3 e5 3. Nd2 Nf6 4. Bg2 c6 5. e3 Bd6 6. Ne2 h5 7. h3 Nbd7 8. b3 a5
9. a3 Qe7 10. Bb2 Nf8 11. Nf1 h4 12. g4 g5 13. Qd2 Ng6 14. Nh2 Nh7 15. c4 dxc4
16. dxc4 O-O 17. Nc3 Rd8 18. Qc2 Nhf8 19. Ne4 Bc7 20. Nf3 f5 21. gxf5 Bxf5 22.
Nh2 Ne6 23. Ng4 Kg7 24. c5 Rd5 25. b4 Rad8 26. Qe2 Ngf4 27. exf4 Nxf4 28. Qf3
Nd3+ 29. Kf1 Bxe4 30. Qxe4 Nxb2 31. Ne3 Qf6 32. Nxd5 cxd5 33. Qe2 e4 34. Ra2
Nd3 35. Bxe4 Nf4 36. Qc2 dxe4 37. Rb2 e3 38. fxe3 Nd3+ 0-1

[Event "10. Oeffinger Schachopen"]
[Site "Fellbach-Oeffingen"]
[Date "2019.06.09"]
[Round "4.8"]
[White "Schmukal, Jens"]
[Black "Heining, Thomas"]
[Result "0-1"]
[WhiteElo "1849"]
[BlackElo "2134"]
[PlyCount "54"]
[EventDate "2019.??.??"]
[WhiteTeam "TSV Willsbach"]
[BlackTeam "Zentrumsbauer Stuttgart"]

1. d4 Nf6 2. c4 g6 3. Nc3 Bg7 4. e4 d6 5. Nf3 O-O 6. Be2 e5 7. d5 a5 8. O-O Na6
9. Qc2 Bd7 10. Bg5 h6 11. Bxf6 Qxf6 12. a3 Qe7 13. Nd2 h5 14. Rab1 Nc5 15. Nb3
Na4 16. Nxa4 Bxa4 17. Qc3 b6 18. Nd2 Bd7 19. b4 axb4 20. axb4 f5 21. f3 Bh6 22.
Nb3 Qh4 23. Qd3 Ra3 24. Ra1 Rfa8 25. Rxa3 Rxa3 26. Ra1 Rxa1+ 27. Nxa1 Qe1+ 0-1

[Event "10. Oeffinger Schachopen"]
[Site "Fellbach-Oeffingen"]
[Date "2019.06.09"]
[Round "5.1"]
[White "Ivanov, Mikail"]
[Black "Holzhäuer, Mathias"]
[Result "1-0"]
[WhiteElo "2372"]
[BlackElo "2265"]
[PlyCount "65"]
[EventDate "2019.??.??"]
[WhiteTeam "SF Bad Mergentheim"]
[BlackTeam "SK Schmiden/Cannstatt"]

1. d4 Nf6 2. c4 Nc6 3. Nc3 e5 4. d5 Ne7 5. h4 Neg8 6. h5 Bb4 7. Bd2 Nh6 8. Qc2
c6 9. a3 Bxc3 10. Bxc3 d6 11. e4 Nfg4 12. f3 Ne3 13. Qf2 Qb6 14. g4 Nxf1 15.
Qxb6 axb6 16. Kxf1 f6 17. Bd2 Nf7 18. Ne2 Bd7 19. Nc3 Ke7 20. Ke2 g5 21. Be3
Ra6 22. Na2 Ra4 23. Rhc1 Rha8 24. dxc6 bxc6 25. Bxb6 Be6 26. c5 Bc4+ 27. Kf2
Ke6 28. Nb4 Bb5 29. Rd1 Bc4 30. Rac1 d5 31. Nxc6 d4 32. Nb4 Bb5 33. Nd5 1-0

[Event "10. Oeffinger Schachopen"]
[Site "Fellbach-Oeffingen"]
[Date "2019.06.09"]
[Round "5.3"]
[White "Schnepp, Gunnar"]
[Black "Heining, Thomas"]
[Result "1-0"]
[WhiteElo "2297"]
[BlackElo "2134"]
[PlyCount "107"]
[EventDate "2019.??.??"]
[WhiteTeam "SK Lauffen"]
[BlackTeam "Zentrumsbauer Stuttgart"]

1. d4 Nf6 2. c4 g6 3. Nc3 Bg7 4. e4 d6 5. Be2 O-O 6. Nf3 e5 7. O-O Nc6 8. d5
Ne7 9. Nd2 a5 10. Rb1 Bd7 11. b3 Nc8 12. a3 Nb6 13. Qc2 Qe7 14. b4 axb4 15.
axb4 Na4 16. Bf3 Bh6 17. Nb3 Bxc1 18. Rfxc1 Nxc3 19. Qxc3 b6 20. Ra1 Bg4 21.
Bxg4 Nxg4 22. f3 Nf6 23. c5 bxc5 24. bxc5 Nh5 25. g3 Rfb8 26. Rxa8 Rxa8 27. Ra1
Rxa1+ 28. Qxa1 Qg5 29. Kf2 Qd8 30. Qa7 Qd7 31. cxd6 Qxd6 32. Nd2 Qb4 33. Ke2
Qc3 34. Qa6 Qc5 35. Qc4 Qd6 36. Qb5 f6 37. Nc4 Qe7 38. Kd3 Ng7 39. Kc3 Ne8 40.
Qb4 Qd7 41. Qc5 Kf7 42. Kb4 Qd8 43. f4 Qb8+ 44. Qb5 Qxb5+ 45. Kxb5 exf4 46.
gxf4 g5 47. fxg5 fxg5 48. Kc6 Ke7 49. e5 Kd8 50. Nd2 Ng7 51. Ne4 h6 52. Nc5 h5
53. d6 cxd6 54. exd6 1-0

[Event "10. Oeffinger Schachopen"]
[Site "Fellbach-Oeffingen"]
[Date "2019.06.09"]
[Round "5.4"]
[White "Danada, Tomas"]
[Black "Speh, Hans"]
[Result "1-0"]
[WhiteElo "2263"]
[BlackElo "1830"]
[PlyCount "83"]
[EventDate "2019.??.??"]
[WhiteTeam "SC Grunbach"]
[BlackTeam "TSV Willsbach"]

1. d4 Nf6 2. c4 d6 3. Nc3 g6 4. g3 Bg7 5. Bg2 O-O 6. Nf3 c6 7. O-O Bg4 8. h3
Bd7 9. e4 Na6 10. Re1 Nc7 11. Be3 Qc8 12. Kh2 Rd8 13. Rc1 Be8 14. Qe2 Nd7 15.
Bg5 f6 16. Be3 Bf7 17. d5 Ne5 18. Nd2 e6 19. f4 Nd7 20. dxe6 Bxe6 21. Nf3 Nb6
22. b3 Qd7 23. g4 Re8 24. Qf2 Nc8 25. f5 Bf7 26. h4 b6 27. Bh3 Qe7 28. g5 fxg5
29. hxg5 Bxc3 30. Rxc3 c5 31. Bd2 b5 32. e5 dxe5 33. Rxe5 Qd6 34. Bf4 Rxe5 35.
Bxe5 Qc6 36. Qh4 bxc4 37. Bg2 Qd7 38. Qh6 Bd5 39. bxc4 Bxf3 40. Rxf3 Nd6 41.
fxg6 Ne6 42. Rf7 1-0

[Event "10. Oeffinger Schachopen"]
[Site "Fellbach-Oeffingen"]
[Date "2019.06.09"]
[Round "5.5"]
[White "Engbrecht, Helmut"]
[Black "Degenhardt, Horst"]
[Result "1/2-1/2"]
[WhiteElo "1989"]
[BlackElo "2232"]
[PlyCount "44"]
[EventDate "2019.??.??"]
[WhiteTeam "SU Schorndorf"]
[BlackTeam "SC Lorsch"]

1. e4 d5 2. Nc3 d4 3. Nce2 e5 4. d3 c5 5. f4 Nc6 6. Nf3 Bg4 7. Ng3 h5 8. Be2 h4
9. Nf1 Bxf3 10. Bxf3 Bd6 11. f5 Nf6 12. Bg5 Be7 13. Nd2 Nd7 14. Bxe7 Qxe7 15.
a4 Na5 16. O-O Rc8 17. b3 Rc6 18. Qe2 Nb8 19. Bg4 Na6 20. Nf3 Nb4 21. Qd2 b6
22. Rf2 Nb7 1/2-1/2

[Event "10. Oeffinger Schachopen"]
[Site "Fellbach-Oeffingen"]
[Date "2019.06.09"]
[Round "5.6"]
[White "Koch, Martin"]
[Black "Gustain, Marc"]
[Result "0-1"]
[WhiteElo "2030"]
[BlackElo "2167"]
[PlyCount "68"]
[EventDate "2019.??.??"]
[WhiteTeam "SC Botnang"]
[BlackTeam "SF Deizisau"]

1. d4 d5 2. Nf3 Nf6 3. Bf4 c5 4. c3 Nc6 5. e3 Qb6 6. Qb3 c4 7. Qxb6 axb6 8.
Nbd2 b5 9. Be2 Bf5 10. O-O h6 11. a3 e6 12. h3 Be7 13. Rfe1 g5 14. Bh2 Rg8 15.
g4 Bg6 16. Ne5 Nxe5 17. Bxe5 Nd7 18. Bg3 O-O-O 19. Bf1 f5 20. f3 Nf6 21. Bg2
Bd6 22. Bxd6 Rxd6 23. e4 Ra6 24. exf5 exf5 25. gxf5 Bxf5 26. Re5 Bd7 27. Kf2
Rd6 28. Rh1 Nh5 29. h4 Nf4 30. Bf1 g4 31. fxg4 Bxg4 32. Nf3 Rf6 33. Re3 Rgf8
34. Rg1 Bxf3 0-1

[Event "10. Oeffinger Schachopen"]
[Site "Fellbach-Oeffingen"]
[Date "2019.06.09"]
[Round "5.7"]
[White "Bellingrath, Jens"]
[Black "Ihring, Uwe"]
[Result "1-0"]
[WhiteElo "2080"]
[BlackElo "1818"]
[PlyCount "73"]
[EventDate "2019.??.??"]
[WhiteTeam "SC Lorsch"]
[BlackTeam "SV Besigheim"]

1. e4 e6 2. d4 d5 3. Nc3 Bb4 4. e5 c5 5. a3 Ba5 6. b4 cxb4 7. Nb5 b3+ 8. c3 Nc6
9. Nf3 h6 10. Bd3 Nge7 11. Nd6+ Kf8 12. Qxb3 Rb8 13. O-O Bc7 14. a4 Bxd6 15.
exd6 Qxd6 16. Ba3 Qd8 17. Rae1 Kg8 18. Ne5 Nxe5 19. dxe5 g6 20. Re3 b6 21. Bd6
Ra8 22. Qa3 Nf5 23. Bxf5 exf5 24. Be7 Qd7 25. Bf6 Rh7 26. Rd1 Ba6 27. Qb3 Bb7
28. c4 Rc8 29. Red3 Re8 30. cxd5 Rg7 31. Bxg7 Kxg7 32. e6 Qe7 33. Qc3+ Kg8 34.
h3 Qd6 35. Qf6 Qe7 36. Qxe7 Rxe7 37. d6 1-0

[Event "10. Oeffinger Schachopen"]
[Site "Fellbach-Oeffingen"]
[Date "2019.06.09"]
[Round "5.8"]
[White "Durica, Andrej"]
[Black "Scholl, Martin"]
[Result "0-1"]
[WhiteElo "1915"]
[BlackElo "2030"]
[PlyCount "104"]
[EventDate "2019.??.??"]
[WhiteTeam "SC Grunbach"]
[BlackTeam "TSV/RSK Esslingen"]

1. e4 b6 2. d4 Bb7 3. Nc3 e6 4. f4 Nf6 5. e5 Ne4 6. Nxe4 Bxe4 7. Nf3 Be7 8. Bc4
d5 9. Bb5+ c6 10. Bd3 Bxd3 11. cxd3 O-O 12. O-O c5 13. dxc5 bxc5 14. d4 Nc6 15.
dxc5 Bxc5+ 16. Kh1 Be7 17. Qe1 Rc8 18. Be3 Qd7 19. Qf2 Rc7 20. Rfc1 Rfc8 21. a3
Rb7 22. b4 a5 23. Bc5 h6 24. Bxe7 Nxe7 25. Rxc8+ Qxc8 26. bxa5 Qc3 27. Qe1
Qxe1+ 28. Rxe1 Nc6 29. Nd2 Nxa5 30. Rb1 Rc7 31. Rb8+ Kh7 32. h3 Rc2 33. Ra8
Rxd2 34. Rxa5 Kg6 35. Ra7 h5 36. h4 f6 37. Re7 Kf5 38. Rxg7 fxe5 39. fxe5 Kxe5
40. Rg5+ Ke4 41. Rxh5 Ra2 42. a4 Rxa4 43. Rg5 Ra1+ 44. Kh2 d4 45. Rg4+ Ke3 46.
Rg6 e5 47. h5 d3 48. Re6 e4 49. Rd6 d2 50. g4 d1=Q 51. Rxd1 Rxd1 52. h6 Kf4 0-1

[Event "10. Oeffinger Schachopen"]
[Site "Fellbach-Oeffingen"]
[Date "2019.06.12"]
[Round "6.1"]
[White "Schnepp, Gunnar"]
[Black "Ivanov, Mikail"]
[Result "1/2-1/2"]
[WhiteElo "2297"]
[BlackElo "2372"]
[PlyCount "21"]
[EventDate "2019.??.??"]
[WhiteTeam "SK Lauffen"]
[BlackTeam "SF Bad Mergentheim"]

1. d4 d5 2. Nf3 e6 3. g3 a6 4. Bg2 Nf6 5. O-O Nbd7 6. a4 Bd6 7. Nbd2 O-O 8. e4
Nxe4 9. Nxe4 dxe4 10. Ng5 Nf6 11. Nxe4 1/2-1/2

[Event "10. Oeffinger Schachopen"]
[Site "Fellbach-Oeffingen"]
[Date "2019.06.12"]
[Round "6.2"]
[White "Neyman, Igor"]
[Black "Bellingrath, Jens"]
[Result "1-0"]
[WhiteElo "2331"]
[BlackElo "2080"]
[PlyCount "67"]
[EventDate "2019.??.??"]
[WhiteTeam "Stuttgarter SF"]
[BlackTeam "SC Lorsch"]

1. d4 Nf6 2. c4 d6 3. Nc3 Nbd7 4. Nf3 e5 5. e4 Be7 6. Be2 O-O 7. O-O c6 8. Re1
Re8 9. Rb1 Bf8 10. d5 c5 11. a3 a5 12. Bd3 Be7 13. g3 Rf8 14. Kg2 Ne8 15. h4 g6
16. Bh6 Ng7 17. Ng5 Nf6 18. Be2 Kh8 19. Nh3 Bxh3+ 20. Kxh3 Ng8 21. Bd2 f5 22.
Kg2 f4 23. Bg4 fxg3 24. fxg3 Bxh4 25. gxh4 Qxh4 26. Qe2 Nf6 27. Bf3 Nfh5 28.
Qf2 Nf4+ 29. Bxf4 Qxf4 30. Qg3 Qd2+ 31. Re2 Qd3 32. Rd1 Qxc4 33. Rh1 b5 34.
Qxg6 1-0

[Event "10. Oeffinger Schachopen"]
[Site "Fellbach-Oeffingen"]
[Date "2019.06.12"]
[Round "6.3"]
[White "Gustain, Marc"]
[Black "Danada, Tomas"]
[Result "0-1"]
[WhiteElo "2167"]
[BlackElo "2263"]
[PlyCount "118"]
[EventDate "2019.??.??"]
[WhiteTeam "SF Deizisau"]
[BlackTeam "SC Grunbach"]

1. e4 g6 2. d4 Bg7 3. Nf3 d6 4. Bc4 e6 5. Bb3 Ne7 6. c3 b6 7. O-O Bb7 8. Re1
Nd7 9. Nbd2 O-O 10. Nf1 h6 11. Ng3 c5 12. h4 cxd4 13. cxd4 e5 14. h5 Kh7 15. a4
Rc8 16. Ra3 exd4 17. Bf4 Nc5 18. Nxd4 g5 19. Be3 Be5 20. Ndf5 Nxf5 21. Nxf5 Qf6
22. Bxc5 dxc5 23. Bc2 Rcd8 24. Qb1 Rd2 25. Rf3 g4 26. Rd3 Rd8 27. Rxd2 Rxd2 28.
Qc1 Qg5 29. g3 Re2 30. Ne3 Bxb2 31. Qd1 Rxe1+ 32. Qxe1 Bd4 33. Nf5 Qxh5 34. Qd1
Qg5 35. Nxd4 cxd4 36. Qxd4 Qc1+ 37. Bd1 Bc8 38. Kg2 Be6 39. Be2 Qc5 40. Qf6 Qg5
41. Qd4 h5 42. Bd3 h4 43. gxh4 Qxh4 44. Qd6 Kg7 45. Kg1 Qf6 46. Bc2 Bc4 47. Qd2
Qa1+ 48. Kh2 Qe5+ 49. Kg1 a6 50. Bd1 Qxe4 51. Qc3+ f6 52. Bc2 Qf4 53. Bb1 b5
54. Qc2 f5 55. axb5 axb5 56. Qb2+ Kg6 57. Qb4 g3 58. Bxf5+ Qxf5 59. Qd6+ Qf6
0-1

[Event "10. Oeffinger Schachopen"]
[Site "Fellbach-Oeffingen"]
[Date "2019.06.12"]
[Round "6.4"]
[White "Scholl, Martin"]
[Black "Gheng, Josef"]
[Result "1/2-1/2"]
[WhiteElo "2030"]
[BlackElo "2199"]
[PlyCount "145"]
[EventDate "2019.??.??"]
[WhiteTeam "TSV/RSK Esslingen"]
[BlackTeam "SK Wernau"]

1. b3 d5 2. Bb2 Bg4 3. Nf3 Nd7 4. e3 Ngf6 5. Be2 e6 6. h3 Bh5 7. O-O Bd6 8. d4
Ne4 9. Nfd2 Bxe2 10. Qxe2 f5 11. Nxe4 fxe4 12. Ba3 Bxa3 13. Nxa3 O-O 14. c4 c6
15. cxd5 exd5 16. Nb1 Qg5 17. Nc3 Rf3 18. Kh2 Rf5 19. Qg4 Qf6 20. f4 h5 21. Qe2
h4 22. Rg1 Qh6 23. g4 hxg3+ 24. Rxg3 Kf7 25. Rag1 Rg8 26. Rg5 g6 27. Nxe4 Rh8
28. Rxf5+ gxf5 29. Ng5+ Ke7 30. Qc2 Qf8 31. Nf3 Kd8 32. Rg5 Qe7 33. Ne5 Nxe5
34. dxe5 Qb4 35. Qxf5 Qd2+ 36. Rg2 Qxe3 37. e6 Ke7 38. Qg4 d4 39. f5 Qe5+ 40.
Rg3 d3 41. f6+ Kxf6 42. Qg6+ Ke7 43. Qf7+ Kd6 44. Qd7+ Kc5 45. Qxd3 Re8 46.
Qe3+ Qxe3 47. Rxe3 Kd4 48. Re1 c5 49. Kg3 b5 50. Kf4 c4 51. bxc4 bxc4 52. Rd1+
Kc3 53. Ke5 Kb2 54. Rd2+ Kb1 55. a4 c3 56. Rd1+ Kb2 57. Kf6 c2 58. Rd2 Rf8+ 59.
Kg7 Rf3 60. e7 Re3 61. Kf7 Rf3+ 62. Ke6 Rxh3 63. Re2 Rh8 64. a5 Kb1 65. Re1+
c1=Q 66. Rxc1+ Kxc1 67. Kd7 Kc2 68. e8=Q Rxe8 69. Kxe8 Kb3 70. Kd7 Kb4 71. Kc6
Kxa5 72. Kc5 Ka4 73. Kc4 1/2-1/2

[Event "10. Oeffinger Schachopen"]
[Site "Fellbach-Oeffingen"]
[Date "2019.06.12"]
[Round "6.5"]
[White "Holzhäuer, Mathias"]
[Black "Hüttig, Michael"]
[Result "0-1"]
[WhiteElo "2265"]
[BlackElo "2114"]
[PlyCount "98"]
[EventDate "2019.??.??"]
[WhiteTeam "SK Schmiden/Cannstatt"]
[BlackTeam "SC Erdmannhausen"]

1. e4 e5 2. Nf3 Nc6 3. Bb5 a6 4. Bxc6 dxc6 5. Nc3 f6 6. Ng1 c5 7. d3 Bd6 8.
Nge2 h5 9. f4 h4 10. f5 Ne7 11. Be3 g6 12. fxg6 Nxg6 13. Qd2 Be6 14. O-O-O Qe7
15. Rdf1 O-O-O 16. Rf2 Qg7 17. Nd5 Bxd5 18. exd5 Ne7 19. c4 b6 20. Rhf1 Rdf8
21. g3 h3 22. Ng1 c6 23. dxc6 Nxc6 24. Nf3 f5 25. Ng1 Qg6 26. Ne2 Rf7 27. Nc3
Ne7 28. Qd1 Rd8 29. Qf3 Kb8 30. Bd2 Bc7 31. g4 f4 32. Ne4 Nc6 33. Bc3 Rfd7 34.
Rd2 Rh7 35. g5 Qe6 36. Rg1 Rg7 37. Nf6 Nd4 38. Bxd4 Rxd4 39. Ne4 Rd8 40. Qh5
Qf5 41. Kc2 Ka7 42. Rdd1 Rd4 43. Qf3 Bd8 44. Rg4 b5 45. b3 Be7 46. Rdg1 bxc4
47. bxc4 Qd7 48. Kd2 Rxc4 49. Nf6 Qd4 0-1

[Event "10. Oeffinger Schachopen"]
[Site "Fellbach-Oeffingen"]
[Date "2019.06.12"]
[Round "6.6"]
[White "Degenhardt, Horst"]
[Black "Syed, Tareq"]
[Result "1/2-1/2"]
[WhiteElo "2232"]
[BlackElo "2001"]
[PlyCount "35"]
[EventDate "2019.??.??"]
[WhiteTeam "SC Lorsch"]
[BlackTeam "SC Brett vorm Kopp"]

1. d4 d6 2. e4 Nf6 3. Nc3 e5 4. dxe5 dxe5 5. Qxd8+ Kxd8 6. Bg5 Nbd7 7. O-O-O c6
8. f4 Be7 9. Be2 Ke8 10. f5 Nc5 11. Bf3 b5 12. Re1 b4 13. Nd1 a5 14. b3 a4 15.
Bd2 axb3 16. axb3 Nb7 17. Nh3 Bc5 18. Be3 1/2-1/2

[Event "10. Oeffinger Schachopen"]
[Site "Fellbach-Oeffingen"]
[Date "2019.06.12"]
[Round "6.7"]
[White "Heining, Thomas"]
[Black "Engbrecht, Helmut"]
[Result "1-0"]
[WhiteElo "2134"]
[BlackElo "1989"]
[PlyCount "93"]
[EventDate "2019.??.??"]
[WhiteTeam "Zentrumsbauer Stuttgart"]
[BlackTeam "SU Schorndorf"]

1. e4 e5 2. Nf3 Nc6 3. Bc4 Nf6 4. d3 Bc5 5. c3 d6 6. Bb3 Bg4 7. h3 Bh5 8. Nbd2
d5 9. Qe2 O-O 10. Nf1 dxe4 11. dxe4 h6 12. g4 Bg6 13. Ng3 Bh7 14. Bd2 Qe8 15.
O-O-O Rd8 16. g5 hxg5 17. Bxg5 Rxd1+ 18. Rxd1 Be7 19. Nh4 Nd7 20. Bxe7 Qxe7 21.
Nhf5 Qg5+ 22. Kb1 Nc5 23. Bc2 Ne6 24. h4 Qf4 25. Nh5 Qh2 26. Qf3 Bg6 27. Nhg3
Nf4 28. a3 Rd8 29. Ne7+ Kh7 30. Rh1 Qg2 31. Qxg2 Nxg2 32. Nxc6 bxc6 33. h5 Rd2
34. hxg6+ Kxg6 35. Rf1 Kg5 36. Kc1 Rd8 37. Rg1 Nf4 38. Ne2+ Kf6 39. Nxf4 exf4
40. e5+ Kxe5 41. Rxg7 Rf8 42. Kd2 Kd6 43. Rg4 Ke5 44. Ke2 f5 45. Rg7 Rd8 46.
Re7+ Kd6 47. Rf7 1-0

[Event "10. Oeffinger Schachopen"]
[Site "Fellbach-Oeffingen"]
[Date "2019.06.12"]
[Round "6.8"]
[White "Partik, Markus"]
[Black "Franz, Michael"]
[Result "1/2-1/2"]
[WhiteElo "1880"]
[BlackElo "1953"]
[PlyCount "159"]
[EventDate "2019.??.??"]
[WhiteTeam "TSV Münchingen"]
[BlackTeam "SV Besigheim"]

1. c4 d6 2. Nc3 e5 3. Nf3 Nf6 4. d4 Nbd7 5. Qc2 Be7 6. b3 O-O 7. Bb2 c6 8. e3
Re8 9. dxe5 dxe5 10. Rd1 Qc7 11. Be2 g6 12. O-O a5 13. a3 Nc5 14. e4 Bf8 15.
Rfe1 Ne6 16. Nxe5 Nf4 17. Nf3 Nxe2+ 18. Qxe2 Nh5 19. h3 Nf4 20. Qf1 Qb6 21. Nd2
Rd8 22. Na4 Qc7 23. Nf3 Re8 24. c5 Be6 25. Nb6 Bxc5 26. Nxa8 Rxa8 27. Nd4 Bd7
28. Qc4 Bf8 29. e5 Qc8 30. Re4 Ne6 31. Nc2 Ng5 32. Re3 Ne6 33. Rde1 Be7 34.
R3e2 Qf8 35. f4 Qh6 36. Bc1 Qh4 37. Qe4 Qg3 38. Qf3 Qxf3 39. gxf3 Nc5 40. b4
Nb3 41. Rd1 Nxc1 42. Rxc1 Bxh3 43. Kf2 axb4 44. axb4 Ra4 45. Ra1 Rxa1 46. Nxa1
Bxb4 47. Rb2 Bc5+ 48. Kg3 Be6 49. Rxb7 Bd5 50. Nb3 Be3 51. Na5 Bd2 52. Rb8+ Kg7
53. Nb7 h5 54. Nd6 h4+ 55. Kxh4 Bxf4 56. Ne8+ Kh6 57. Nf6 Bg5+ 58. Kg4 Be6+ 59.
Kg3 Bxf6 60. exf6 Kg5 61. Rb6 Bd5 62. Ra6 Kxf6 63. Ra4 Ke5 64. Kg4 Kd6 65. Kf4
Kc5 66. Ke3 Kb5 67. Ra7 c5 68. f4 Be6 69. Rb7+ Kc4 70. Rc7 Kd5 71. Kd3 Kd6 72.
Ra7 Bd5 73. Ra6+ Ke7 74. Ra5 c4+ 75. Kd4 Be6 76. Ke5 Kd7 77. Rc5 Ke7 78. Rc7+
Kd8 79. Kd6 Ke8 80. Ke5 1/2-1/2

[Event "10. Oeffinger Schachopen"]
[Site "Fellbach-Oeffingen"]
[Date "2019.06.12"]
[Round "7.2"]
[White "Danada, Tomas"]
[Black "Schnepp, Gunnar"]
[Result "1/2-1/2"]
[WhiteElo "2263"]
[BlackElo "2297"]
[PlyCount "31"]
[EventDate "2019.??.??"]
[WhiteTeam "SC Grunbach"]
[BlackTeam "SK Lauffen"]

1. d4 Nf6 2. Nf3 c5 3. d5 g6 4. Nc3 d6 5. e4 Bg7 6. Be2 O-O 7. O-O Na6 8. Re1
Nc7 9. h3 a6 10. a4 Bd7 11. a5 Bb5 12. Ra3 Rb8 13. Rb3 b6 14. Nxb5 axb5 15.
Bxb5 Nxb5 16. Rxb5 1/2-1/2